000 00632nam a2200229Ia 4500
003 OSt
005 20221005133719.0
006 a|||||r|||| 00| 0
007 ta
008 221004b |||||||| |||| 00| 0 pan d
024 _a90669
037 _cTextual
040 _aCRL
_cCRL
_bpan
041 _2pan
_apan
082 _aO153,3NME,SU, P6
100 _aਮੀਤ, ਮਿੱਤਰ ਸੈਨ
245 0 _aਸੁਧਾਰ ਘਰ
260 _c2006
650 _aਪੰਜਾਬੀ ਸਾਹਿਤ
942 _hO153,3NME,SU, P6
_cTEXL
_2cc
999 _c1067654
_d1067654